08131 2204021 4500001002100000008004100021035002000062245003500082100001500117260003100132300002600163020002200189084001400211082000800225990001200233990001200245990001200257990001200269990001200281990001200293990001200305990001200317990001200329990001200341990001200353990001200365990001200377990001200389990001200401990001200413990001200425990001200437990001200449990001200461990001200473990001200485990001200497990001200509990001200521990001200533990001200545990001200557990001200569990001200581990001200593990001200605990001200617990001200629990001200641990001200653990001200665990001200677990001200689990001200701990001200713990001200725990001200737990001200749990001200761990001200773990001200785990001200797990001200809990001200821990001200833990001200845990001200857990001200869990001200881990001200893990001200905990001200917990001200929990001200941990001200953990001200965990001200977990001200989990001201001990001201013990001201025990001201037990001201049990001201061990001201073990001201085990001201097990001201109990001201121990001201133990001201145990001201157990001201169990001201181990001201193990001201205990001201217990001201229990001201241990001201253990001201265990001201277990001201289990001201301990001201313990001201325990001201337990001201349990001201361990001201373990001201385990001201397990001201409990001201421990001201433990001201445990001201457990001201469990001201481990001201493990001201505990001201517990001201529990001201541990001201553990001201565990001201577990001201589990001201601990001201613990001201625990001201637990001201649990001201661990001201673990001201685990001201697990001201709990001201721990001201733990001201745990001201757990001201769990001201781990001201793990001201805990001201817990001201829990001201841990001201853990001201865990001201877990001201889990001201901990001201913990001201925990001201937990001201949990001201961990001201973990001201985990001201997990001202009990001202021990001202033990001202045990001202057990001202069990001202081990001202093990001202105990001202117990001202129990001202141990001202153990001202165990001202177990001202189990001202201990001202213990001202225990001202237990001202249990001202261990001202273990001202285990001202297990001202309990001202321990001202333990001202345990001202357990001202369990001202381990001202393990001202405990001202417990001202429990001202441990001202453990001202465990001202477990001202489990001202501990001202513990001202525990001202537990001202549990001202561990001202573990001202585990001202597990001202609990001202621990001202633990001202645990001202657990001202669990001202681990001202693990001202705990001202717990001202729990001202741990001202753990001202765990001202777990001202789990001202801990001202813990001202825990001202837990001202849990001202861990001202873990001202885990001202897990001202909990001202921990001202933990001202945990001202957990001202969990001202981990001202993990001203005990001203017990001203029990001203041990001203053990001203065990001203077990001203089990001203101990001203113990001203125990001203137990001203149990001203161990001203173990001203185990001203197990001203209990001203221990001203233990001203245990001203257990001203269990001203281990001203293990001203305990001203317990001203329990001203341990001203353990001203365990001203377990001203389990001203401990001203413990001203425990001203437990001203449990001203461990001203473990001203485990001203497990001203509990001203521990001203533990001203545990001203557990001203569990001203581990001203593990001203605990001203617990001203629990001203641990001203653990001203665990001203677990001203689990001203701990001203713990001203725990001203737990001203749990001203761990001203773990001203785990001203797990001203809990001203821990001203833990001203845990001203857990001203869990001203881990001203893990001203905990001203917990001203929990001203941990001203953990001203965990001203977990001203989990001204001990001204013990001204025990001204037990001204049990001204061990001204073990001204085990001204097INLIS000000000001477 Ind  a0010-1024000030 aBahasa Inggris XIIcSupriyanto aSupriyanto aJakartabKemendikbudc2022 a188 hlmc17,5 x 25 cm a978-602-244-896-9 a420 SUP b a420 a0753810 a0753811 a0753812 a0753813 a0753814 a0753815 a0753816 a0753817 a0753818 a0753819 a0753820 a0753821 a0753822 a0753823 a0753824 a0753825 a0753826 a0753827 a0753828 a0753829 a0753830 a0753831 a0753832 a0753833 a0753834 a0753835 a0753836 a0753837 a0753838 a0753839 a0753840 a0753841 a0753842 a0753843 a0753844 a0753845 a0753846 a0753847 a0753848 a0753849 a0753850 a0753851 a0753852 a0753853 a0753854 a0753855 a0753856 a0753857 a0753858 a0753859 a0753860 a0753861 a0753862 a0753863 a0753864 a0753865 a0753866 a0753867 a0753868 a0753869 a0753870 a0753871 a0753872 a0753873 a0753874 a0753875 a0753876 a0753877 a0753878 a0753879 a0753880 a0753881 a0753882 a0753883 a0753884 a0753885 a0753886 a0753887 a0753888 a0753889 a0753890 a0753891 a0753892 a0753893 a0753894 a0753895 a0753896 a0753897 a0753898 a0753899 a0753900 a0753901 a0753902 a0753903 a0753904 a0753905 a0753906 a0753907 a0753908 a0753909 a0753910 a0753911 a0753912 a0753913 a0753914 a0753915 a0753916 a0753917 a0753918 a0753919 a0753920 a0753921 a0753922 a0753923 a0753924 a0753925 a0753926 a0753927 a0753928 a0753929 a0753930 a0753931 a0753932 a0753933 a0753934 a0753935 a0753936 a0753937 a0753938 a0753939 a0753940 a0753941 a0753942 a0753943 a0753944 a0753945 a0753946 a0753947 a0753948 a0753949 a0753950 a0753951 a0753952 a0753953 a0753954 a0753955 a0753956 a0753957 a0753958 a0753959 a0753960 a0753961 a0753962 a0753963 a0753964 a0753965 a0753966 a0753967 a0753968 a0753969 a0753970 a0753971 a0753972 a0753973 a0753974 a0753975 a0753976 a0753977 a0753978 a0753979 a0753980 a0753981 a0753982 a0753983 a0753984 a0753985 a0753986 a0753987 a0753988 a0753989 a0753990 a0753991 a0753992 a0753993 a0753994 a0753995 a0753996 a0753997 a0753998 a0753999 a0754000 a0754001 a0754002 a0754003 a0754004 a0754005 a0754006 a0754007 a0754008 a0754009 a0754010 a0754011 a0754012 a0754013 a0754014 a0754015 a0754016 a0754017 a0754018 a0754019 a0754020 a0754021 a0754022 a0754023 a0754024 a0754025 a0754026 a0754027 a0754028 a0754029 a0754030 a0754031 a0754032 a0754033 a0754034 a0754035 a0754036 a0754037 a0754038 a0754039 a0754040 a0754041 a0754042 a0754043 a0754044 a0754045 a0754046 a0754047 a0754048 a0754049 a0754050 a0754051 a0754052 a0754053 a0754054 a0754055 a0754056 a0754057 a0754058 a0754059 a0754060 a0754061 a0754062 a0754063 a0754064 a0754065 a0754066 a0754067 a0754068 a0754069 a0754070 a0754071 a0754072 a0754073 a0754074 a0754075 a0754076 a0754077 a0754078 a0754079 a0754080 a0754081 a0754082 a0754083 a0754084 a0754085 a0754086 a0754087 a0754088 a0754089 a0754090 a0754091 a0754092 a0754093 a0754094 a0754095 a0754096 a0754097 a0754098 a0754099 a0754100 a0754101 a0754102 a0754103 a0754104 a0754105 a0754106 a0754107 a0754108 a0754109 a0754110 a0754111 a0754112 a0754113 a0754114 a0754115 a0754116 a0754117 a0754118 a0754119 a0754120 a0754121 a0754122 a0754123 a0754124 a0754125 a0754126 a0754127 a0754128 a0754129 a0754130 a0754131 a0754132